Sports Quiz

Random Sports Quiz

Every Vinny Testaverde Team Quiz Stats

 Plays Quiz not verified by Sporcle

Support Sporcle.
Go Orange.
Score 0/8 Timer 10:00
0 Plays Today
Season Team % Correct
1987-92Tampa Bay Buccaneers
94.7%
1993-95Cleveland Browns
94.7%
1998-2003New York Jets
94.7%
1996-97Baltimore Ravens
78.9%
2004Dallas Cowboys
78.9%
2007Carolina Panthers
68.4%
2005New York Jets
63.2%
2006New England Patriots
63.2%

You're not logged in!

Compare scores with friends on all Sporcle quizzes.
OR
Log In

From the Vault

Led Zeppelin Songs by Image

by I-Am-Batman

If Robert Plant ever formed a band with Roger Waters, they'd probably grow a nice garden together.
Remove Ads.
Support Sporcle.
Get the best of Sporcle when you Go Orange. This ad-free experience offers more features, more stats, and more fun while also helping to support Sporcle. Thank you for becoming a member.

Show Comments

Extras

Created Feb 14, 2018ReportNominate
Tags:season, team, Vinny

Top Quizzes Today


Score Distribution

Your Account Isn't Verified!

In order to create a playlist on Sporcle, you need to verify the email address you used during registration. Go to your Sporcle Settings to finish the process.

Report this User

Report this user for behavior that violates our Community Guidelines.

Details: